<?xml version="1.0" encoding="UTF-8"?>
<record
    xmlns:xsi="http://www.w3.org/2001/XMLSchema-instance"
    xsi:schemaLocation="http://www.loc.gov/MARC21/slim http://www.loc.gov/standards/marcxml/schema/MARC21slim.xsd"
    xmlns="http://www.loc.gov/MARC21/slim">

  <leader>01721nam a22002777a 4500</leader>
  <controlfield tag="003">DO-SdBNP</controlfield>
  <controlfield tag="005">20220519123118.0</controlfield>
  <controlfield tag="007">ta</controlfield>
  <controlfield tag="008">210913e2017    dr ad||er|||| 001 0dspa d</controlfield>
  <datafield tag="020" ind1=" " ind2=" ">
    <subfield code="a">9789945580402</subfield>
  </datafield>
  <datafield tag="040" ind1=" " ind2=" ">
    <subfield code="a">DO-SdBNP</subfield>
    <subfield code="b">spa</subfield>
    <subfield code="c">BNPHU</subfield>
  </datafield>
  <datafield tag="082" ind1=" " ind2="4">
    <subfield code="2">22</subfield>
    <subfield code="b">H557u</subfield>
  </datafield>
  <datafield tag="100" ind1="1" ind2=" ">
    <subfield code="a">&#xC1;ngel Enrique Hern&#xE1;ndez Castillo,</subfield>
    <subfield code="d">1953-</subfield>
    <subfield code="9">79855</subfield>
  </datafield>
  <datafield tag="245" ind1="1" ind2="0">
    <subfield code="a">UAPA : </subfield>
    <subfield code="b">una experiencia innovadora en la educaci&#xF3;n superior dominicana /</subfield>
    <subfield code="c">Angel Hern&#xE1;ndez; Lennys Tejada Betancourt, ed.</subfield>
  </datafield>
  <datafield tag="260" ind1=" " ind2=" ">
    <subfield code="a">Santiago de los Caballeros, Rep&#xFA;blica Dominicana : </subfield>
    <subfield code="b">UAPA, </subfield>
    <subfield code="c">2017</subfield>
  </datafield>
  <datafield tag="300" ind1=" " ind2=" ">
    <subfield code="a">210 p.:</subfield>
    <subfield code="b">il., fotogr., gr&#xE1;f.;</subfield>
    <subfield code="c">22 cm</subfield>
  </datafield>
  <datafield tag="500" ind1=" " ind2=" ">
    <subfield code="a">Incluye biograf&#xED;a del autor en la cubierta posterior.</subfield>
  </datafield>
  <datafield tag="504" ind1=" " ind2=" ">
    <subfield code="a">Bibliograf&#xED;a 207-2010.</subfield>
  </datafield>
  <datafield tag="505" ind1=" " ind2=" ">
    <subfield code="t">1. Breve rese&#xF1;a de la educaci&#xF3;n superior dominicana. Su origen y evoluci&#xF3;n.--</subfield>
    <subfield code="t">Contexto en que surge la UAPA .-- </subfield>
    <subfield code="t">Importancia de la planificaci&#xF3;n, la evaluaci&#xF3;n institucional, y la investigaci&#xF3;n para decidir pol&#xED;ticas.--</subfield>
    <subfield code="t">Formaci&#xF3;n de docentes y directivos.--</subfield>
    <subfield code="t">La investigaci&#xF3;n cient&#xED;fica en UAPA.--</subfield>
    <subfield code="t">El modelo educativo por competencias centrado en el aprendizaje, MECCA.--</subfield>
    <subfield code="t">Evaluaci&#xF3;n de los aprendizajes.--</subfield>
    <subfield code="t">Proceso de virtualizaci&#xF3;n.--</subfield>
    <subfield code="t">Planes de estudios y sus reformas.--</subfield>
    <subfield code="t">Desarrollo de la infraestructura f&#xED;sica y tecnol&#xF3;gica.--</subfield>
    <subfield code="t">Internacionalizaci&#xF3;n de la Universidad.--</subfield>
    <subfield code="t">El postgrado en UAPA.--</subfield>
    <subfield code="t">Primeros participantes.</subfield>
    <subfield code="t">Conclusi&#xF3;n.--</subfield>
    <subfield code="t">Bibliograf&#xED;a.</subfield>
  </datafield>
  <datafield tag="590" ind1=" " ind2=" ">
    <subfield code="a">Inventariado 2021 / MF</subfield>
  </datafield>
  <datafield tag="650" ind1=" " ind2=" ">
    <subfield code="a">Educaci&#xF3;n superior </subfield>
    <subfield code="z">Rep&#xFA;blica Dominicana</subfield>
    <subfield code="9">79858</subfield>
  </datafield>
  <datafield tag="700" ind1="1" ind2="2">
    <subfield code="9">78873</subfield>
    <subfield code="a">Tejada Betancourt ,  Lennys G</subfield>
    <subfield code="e">ed.</subfield>
  </datafield>
  <datafield tag="710" ind1="2" ind2=" ">
    <subfield code="9">38537</subfield>
    <subfield code="a">Universidad Nacional a Distancia, UAPA</subfield>
  </datafield>
  <datafield tag="830" ind1=" " ind2=" ">
    <subfield code="a">Universidad Nacional a Distancia</subfield>
    <subfield code="9">79856</subfield>
  </datafield>
  <datafield tag="942" ind1=" " ind2=" ">
    <subfield code="2">ddc</subfield>
    <subfield code="c">LBS1</subfield>
  </datafield>
  <datafield tag="952" ind1=" " ind2=" ">
    <subfield code="0">0</subfield>
    <subfield code="1">0</subfield>
    <subfield code="2">ddc</subfield>
    <subfield code="5">1</subfield>
    <subfield code="7">0</subfield>
    <subfield code="8">PD</subfield>
    <subfield code="a">BNPHU</subfield>
    <subfield code="b">PD</subfield>
    <subfield code="c">HD</subfield>
    <subfield code="d">2017-04-07</subfield>
    <subfield code="e">Donado por Editora B&#xFA;ho</subfield>
    <subfield code="l">0</subfield>
    <subfield code="o">H557u</subfield>
    <subfield code="p">2021-26444</subfield>
    <subfield code="r">2021-09-13</subfield>
    <subfield code="w">2021-09-13</subfield>
    <subfield code="y">LFPD</subfield>
  </datafield>
  <datafield tag="952" ind1=" " ind2=" ">
    <subfield code="0">0</subfield>
    <subfield code="1">0</subfield>
    <subfield code="2">ddc</subfield>
    <subfield code="5">1</subfield>
    <subfield code="7">0</subfield>
    <subfield code="8">PD</subfield>
    <subfield code="a">BNPHU</subfield>
    <subfield code="b">PD</subfield>
    <subfield code="c">HD</subfield>
    <subfield code="d">2017-04-07</subfield>
    <subfield code="e">Donado por Editora B&#xFA;ho</subfield>
    <subfield code="l">0</subfield>
    <subfield code="o">H557u</subfield>
    <subfield code="p">2021-26445</subfield>
    <subfield code="r">2021-09-13</subfield>
    <subfield code="t">e.2</subfield>
    <subfield code="w">2021-09-13</subfield>
    <subfield code="y">LFPD</subfield>
  </datafield>
  <datafield tag="952" ind1=" " ind2=" ">
    <subfield code="0">0</subfield>
    <subfield code="1">0</subfield>
    <subfield code="2">ddc</subfield>
    <subfield code="5">6</subfield>
    <subfield code="7">0</subfield>
    <subfield code="8">DS</subfield>
    <subfield code="a">BNPHU</subfield>
    <subfield code="b">BNPHU</subfield>
    <subfield code="c">HD</subfield>
    <subfield code="d">2017-04-07</subfield>
    <subfield code="e">Dep&#xF3;sito legal / Editora B&#xFA;ho</subfield>
    <subfield code="l">0</subfield>
    <subfield code="o">H557u</subfield>
    <subfield code="p">2022-2243</subfield>
    <subfield code="r">2022-05-19</subfield>
    <subfield code="t">e.3</subfield>
    <subfield code="w">2022-05-19</subfield>
    <subfield code="y">LBS1</subfield>
  </datafield>
  <datafield tag="999" ind1=" " ind2=" ">
    <subfield code="c">50487</subfield>
    <subfield code="d">50487</subfield>
  </datafield>
</record>
